LEADER 03764nam 22006855 450 001 996465289503316 005 20200630154711.0 010 $a3-319-45378-5 024 7 $a10.1007/978-3-319-45378-1 035 $a(CKB)3710000000872903 035 $a(DE-He213)978-3-319-45378-1 035 $a(MiAaPQ)EBC6296141 035 $a(MiAaPQ)EBC5587474 035 $a(Au-PeEL)EBL5587474 035 $a(OCoLC)958625129 035 $a(PPN)195510739 035 $a(EXLCZ)993710000000872903 100 $a20160908d2016 u| 0 101 0 $aeng 135 $aurnn#008mamaa 181 $ctxt$2rdacontent 182 $cc$2rdamedia 183 $acr$2rdacarrier 200 10$aComputer Information Systems and Industrial Management$b[electronic resource] $e15th IFIP TC8 International Conference, CISIM 2016, Vilnius, Lithuania, September 14-16, 2016, Proceedings /$fedited by Khalid Saeed, W?adys?aw Homenda 205 $a1st ed. 2016. 210 1$aCham :$cSpringer International Publishing :$cImprint: Springer,$d2016. 215 $a1 online resource (XXIV, 754 p. 265 illus.) 225 1 $aInformation Systems and Applications, incl. Internet/Web, and HCI ;$v9842 311 $a3-319-45377-7 327 $aRough set methods for big data analytics -- Images, visualization, classification -- Optimization, tuning -- Scheduling in manufacturing and other applications -- Algorithms -- Decisions -- Intelligent distributed systems -- Biometrics, identification, security. 330 $aThis book constitutes the proceedings of the 15th IFIP TC8 International Conference on Computer Information Systems and Industrial Management, CISIM 2016, held in Vilnius, Lithuania, in September 2016. The 63 regular papers presented together with 1 inivted paper and 5 keynotes in this volume were carefully reviewed and selected from about 89 submissions. The main topics covered are rough set methods for big data analytics; images, visualization, classification; optimization, tuning; scheduling in manufacturing and other applications; algorithms; decisions; intelligent distributed systems; and biometrics, identification, security. . 410 0$aInformation Systems and Applications, incl. Internet/Web, and HCI ;$v9842 606 $aApplication software 606 $aPattern recognition 606 $aAlgorithms 606 $aComputer simulation 606 $aComputer Applications$3https://scigraph.springernature.com/ontologies/product-market-codes/I23001 606 $aInformation Systems Applications (incl. Internet)$3https://scigraph.springernature.com/ontologies/product-market-codes/I18040 606 $aPattern Recognition$3https://scigraph.springernature.com/ontologies/product-market-codes/I2203X 606 $aAlgorithm Analysis and Problem Complexity$3https://scigraph.springernature.com/ontologies/product-market-codes/I16021 606 $aSimulation and Modeling$3https://scigraph.springernature.com/ontologies/product-market-codes/I19000 615 0$aApplication software. 615 0$aPattern recognition. 615 0$aAlgorithms. 615 0$aComputer simulation. 615 14$aComputer Applications. 615 24$aInformation Systems Applications (incl. Internet). 615 24$aPattern Recognition. 615 24$aAlgorithm Analysis and Problem Complexity. 615 24$aSimulation and Modeling. 676 $a004.6 702 $aSaeed$b Khalid$4edt$4http://id.loc.gov/vocabulary/relators/edt 702 $aHomenda$b W?adys?aw$4edt$4http://id.loc.gov/vocabulary/relators/edt 801 0$bMiAaPQ 801 1$bMiAaPQ 801 2$bMiAaPQ 906 $aBOOK 912 $a996465289503316 996 $aComputer Information Systems and Industrial Management$91947570 997 $aUNISA